Städte und Gemeinden in Niederösterreich - Sudden Death - Statistiken

Allgemein
  • Dieses Quiz wurde 64 mal gespielt
  • Das Durchschnittsergebnis liegt bei 10 aus 16
Answers on the Grid
Answers color-coded by a green-red scale on the quiz's grid according to % correct below.
St. Pölten
Wiener Neustadt
Krems an der Donau
Stockerau
Horn
Retz
Weitra
Amstetten
Schwechat
Ternitz
Herzogenburg
Gänserndorf
Hainburg an der Donau
Ybbs an der Donau
Lundenburg
Parndorf
Wien
Liesing
Mariazell
Schwertberg
Attnang-Puchheim
Altötting
Vilshofen an der Donau
Bruck an der Mur
Oberpullendorf
Hartberg
Weyer
Floridsdorf
Waidhofen an der Ybbs
Mödling
 
Antwortstatistiken
Antwort % Korrekt
Krems an der Donau
81%
Horn
73%
Wiener Neustadt
73%
Schwechat
69%
St. Pölten
69%
Amstetten
65%
Stockerau
65%
Mödling
62%
Retz
62%
Ybbs an der Donau
62%
Gänserndorf
58%
Ternitz
58%
Waidhofen an der Ybbs
58%
Hainburg an der Donau
50%
Herzogenburg
50%
Weitra
42%
Keine übereinstimmenden Quizze gefunden
Verteilung der Resultate
Anzahl Personen mit jedem Resultat
Perzentil nach korrekt beantworteten Fragen
Ihre Resultats-Entwicklung
Sie haben dieses Quiz noch nicht gespielt